Great political thinkers : (Record no. 1494)
[ view plain ]
| 000 -LEADER | |
|---|---|
| fixed length control field | 00836cac a22002535a 4500 |
| 005 - DATE AND TIME OF LATEST TRANSACTION | |
| control field | 20180128102700.0 |
| 008 - FIXED-LENGTH DATA ELEMENTS--GENERAL INFORMATION | |
| fixed length control field | 120103t2000 mau frb 001 0deng d |
| 020 ## - INTERNATIONAL STANDARD BOOK NUMBER | |
| International Standard Book Number | 0155078895 |
| 020 ## - INTERNATIONAL STANDARD BOOK NUMBER | |
| International Standard Book Number | 9780155078895 |
| 040 ## - CATALOGING SOURCE | |
| Language of cataloging | eng |
| Modifying agency | EG-ScBUE |
| 082 04 - DEWEY DECIMAL CLASSIFICATION NUMBER | |
| Edition number | 22 |
| Classification number | 320.82 |
| Item number | EBE |
| 100 1# - MAIN ENTRY--PERSONAL NAME | |
| Personal name | Ebenstein, William, |
| 9 (RLIN) | 28260 |
| Dates associated with a name | 1910-1976. |
| 245 10 - TITLE STATEMENT | |
| Title | Great political thinkers : |
| Remainder of title | Plato to the present / |
| Statement of responsibility, etc | William Ebenstein, Alan Ebenstein. |
| 250 ## - EDITION STATEMENT | |
| Edition statement | 6th ed. |
| 260 ## - PUBLICATION, DISTRIBUTION, ETC. (IMPRINT) | |
| Place of publication, distribution, etc | Boston : |
| Name of publisher, distributor, etc | Wadsworth Group / Thomson Learning, |
| Date of publication, distribution, etc | c.2000. |
| 300 ## - PHYSICAL DESCRIPTION | |
| Extent | xiv, 1001 p. ; |
| Dimensions | 25 cm. |
| 504 ## - BIBLIOGRAPHY, ETC. NOTE | |
| Bibliography, etc | Includes bibliographical references and indexes. |
| 650 #7 - SUBJECT ADDED ENTRY--TOPICAL TERM | |
| Topical term or geographic name as entry element | Political science |
| General subdivision | History. |
| 9 (RLIN) | 28261 |
| Source of heading or term | BUEsh |
| 651 ## - SUBJECT ADDED ENTRY--GEOGRAPHIC NAME | |
| Source of heading or term | BUEsh |
| 653 ## - INDEX TERM--UNCONTROLLED | |
| Resource For college | BAEPS, Political Science |
| Arrived date list | October2017 |
| 655 ## - INDEX TERM--GENRE/FORM | |
| Form subdivision | Text book |
| -- | 33728 |
| 700 1# - ADDED ENTRY--PERSONAL NAME | |
| Personal name | Ebenstein, Alan O. |
| 9 (RLIN) | 28263 |
| 942 ## - ADDED ENTRY ELEMENTS (KOHA) | |
| Source of classification or shelving scheme | Dewey Decimal Classification |
| Withdrawn status | Item status | Source of classification or shelving scheme | Damaged status | Not for loan | Home library | Current library | Shelving location | Date acquired | Source of acquisition | Cost, normal purchase price | Total Checkouts | Total Renewals | Full call number | Barcode | Date last seen | Date last borrowed | Cost, replacement price | Koha item type | Vendor | Serial Enumeration / chronology |
|---|---|---|---|---|---|---|---|---|---|---|---|---|---|---|---|---|---|---|---|---|
| Dewey Decimal Classification | Central Library | Central Library | First floor | 19/10/2006 | Purchase | 450.00 | 19 | 93 | 320.82 EBE | 000002873 | 15/07/2025 | 10/04/2022 | 562.50 | Book - Borrowing | ||||||
| Dewey Decimal Classification | Central Library | Central Library | First floor | 19/10/2006 | Purchase | 450.00 | 19 | 134 | 320.82 EBE | 000002872 | 15/07/2025 | 27/02/2022 | 562.50 | Book - Borrowing | ||||||
| Dewey Decimal Classification | Central Library | Central Library | First floor | 19/10/2006 | Purchase | 450.00 | 2 | 320.82 EBE | 000002871 | 15/07/2025 | 21/11/2013 | 562.50 | NB - Book (Non borrowing) | |||||||
| Dewey Decimal Classification | Central Library | Central Library | First floor | 02/08/2016 | Purchase | 750.00 | 7 | 60 | 320.82 EBE | 000033056 | 15/07/2025 | 17/03/2022 | 937.50 | Book - Borrowing | Baccah | 26080 | ||||
| Dewey Decimal Classification | Central Library | Central Library | First floor | 12/10/2017 | Purchase | 550.00 | 4 | 17 | 320.82 EBE | 000042128 | 15/07/2025 | 21/03/2022 | Book - Borrowing | Baccah |